书目信息 |
| 题名: |
有意思的国学启蒙
|
|
| 作者: | 窦昕 主编 | |
| 分册: | 上 | |
| 出版信息: | 北京 石油工业出版社 2015 |
|
| 页数: | 193页 | |
| 开本: | 24cm | |
| 丛书名: | ||
| 单 册: | ||
| 中图分类: | Z126.24 , Z126 | |
| 科图分类: | ||
| 主题词: | 国学--少儿读物 | |
| 电子资源: | ||
| ISBN: | 978-7-5183-0762-3 | |
| 000 | 00641nam0 2200241 450 | |
| 001 | 1651121590 | |
| 005 | 20160705125231.0 | |
| 010 | @a978-7-5183-0762-3@dCNY38.00 | |
| 100 | @a20151109d2015 cemy0chiy50 ea | |
| 101 | 0 | @achi |
| 102 | @aCN@b110000 | |
| 105 | @aa z 000yy | |
| 106 | @ar | |
| 200 | 1 | @a有意思的国学启蒙@9you yi si de guo xue qi meng@h上@b专著@f窦昕主编 |
| 210 | @a北京@c石油工业出版社@d2015 | |
| 215 | @a193页@c彩图@d24cm | |
| 300 | @a有意思的大语文 | |
| 300 | @a点亮大语文文库 | |
| 606 | 0 | @a国学@j少儿读物 |
| 690 | @aZ126.24@v5 | |
| 690 | @aZ126@v4 | |
| 701 | 0 | @a窦昕@9dou xin@4主编 |
| 905 | @aBZT@dZ126@e9-1 | |
| 有意思的国学启蒙.上/窦昕主编.-北京:石油工业出版社,2015 |
| 193页:彩图;24cm |
| 有意思的大语文.-点亮大语文文库 |
| ISBN 978-7-5183-0762-3:CNY38.00 |
| ● |
| 相关链接 |
|
|
|
正题名:有意思的国学启蒙
索取号:Z126/9-1
 
预约/预借
| 序号 | 登录号 | 条形码 | 馆藏地/架位号 | 状态 | 备注 |
| 1 | 811692 | 2000811692 | 第二书库/ [索取号:Z126/9-1] | 在馆 | |
| 2 | 811693 | 2000811693 | 第二书库/ [索取号:Z126/9-1] | 在馆 | |
| 3 | 811694 | 2000811694 | 第二书库/ [索取号:Z126/9-1] | 在馆 |